000 00765aam a2200289 i 4500
001 768714001
003 CO-MdFUSB
005 20250502094652.0
007 ta
008 250502t1991 ck |||| |||| 00| 0 spa d
020 _a1-56063-163-5
040 _cCO-MdFUSB
041 0 _aspa
082 0 4 _223
_a239.93
_bV648u
100 1 _aVidal Manzanares, César
_eautor
245 1 3 _aLo que usted necesita saber sobre la Nueva Era
_c/ Cesar Vidal Manzanares
264 1 _bUnilit,
_aMiami, FL., USA :
_c[1991]
264 4 _c©1991
300 _a101 páginas
336 _atexto
_btxt
_2rdacontent
337 _2rdamedia
_asin mediación
_bn
338 _2rdacarrier
_avolumen
_bnc
563 _aRústico
653 _aNueva Era
942 _cBK
945 _aJTF-925
999 _c35309
_d35309